[Event "Asian-ch Seniors 50 zt 3.7"]
[Site "Chess.com INT"]
[Date "2020.07.19"]
[Round "2.2"]
[White "Bipin S, Shenoy"]
[Black "Sastry, PL."]
[Result "1-0"]
[WhiteElo "2022"]
[BlackElo "1598"]
[PlyCount "75"]
[EventDate "2020.07.19"]
[EventType "swiss"]
[EventRounds "5"]
[EventCountry "IND"]
[SourceTitle "EXT 2024"]
[Source "ChessBase"]
[SourceDate "2023.10.10"]
[SourceVersion "1"]
[SourceVersionDate "2023.10.10"]
[SourceQuality "1"]

1. d4 Nf6 2. c4 e6 3. Nf3 Bb4+ 4. Bd2 Qe7 5. g3 0-0 6. Nc3 d6 7. Bg2 Nbd7 8. 0-0 Bxc3 9. Bxc3 Ne4 10. Qc2 Nxc3 11. Qxc3 Nf6 12. Rfd1 Bd7 13. Nd2 c6 14. e4 e5 15. d5 cxd5 16. cxd5 Rfc8 17. Qb3 b6 18. Rac1 Qe8 19. Qa3 Qf8 20. Nc4 Ne8 21. Ne3 Rc5 22. b4 Rcc8 23. Rxc8 Bxc8 24. Rc1 Qe7 25. Bf1 Qd7 26. b5 g6 27. Qc3 Bb7 28. Qa3 Kg7 29. Be2 Nc7 30. Qb4 Kf8 31. a4 Ke7 32. Bg4 Qd8 33. f4 f6 34. fxe5 fxe5 35. Rf1 Bc8 36. Bxc8 Rxc8 37. Nc4 Qd7 38. Nxe5 1-0